2025/26 Arsenal 2-3 Manchester United XI's - Statistics

General Stats
  • This quiz has been taken 17 times
  • The average score is 20 of 22
Answer Stats
Arsenal Player % Correct
8 Bruno Fernandes
100%
19 Bryan Mbeumo
100%
7 Bukayo Saka
100%
1 David Raya
100%
2 Diogo Dalot
100%
5 Harry Maguire
100%
37 Kobbie Mainoo
100%
6 Lisandro Martinez
100%
8 Martin Odegaard
100%
2 William Saliba
100%
16 Amad Diallo
93%
41 Declan Rice
93%
6 Gabriel
93%
12 Jurrien Timber
93%
23 Luke Shaw
93%
36 Martin Zubimendi
93%
19 Leandro Trossard
86%
13 Patrick Dorgu
86%
18 Casemiro
79%
9 Gabriel Jesus
79%
5 Piero Hincapie
79%
31 Senne Lammens
79%
No matching quizzes found
Score Distribution
Percent of People with Each Score
Percentile by Number Answered
Your Score History
You have not taken this quiz